| 000 | 00725nam a2200229Ii 4500 | ||
|---|---|---|---|
| 003 | JO-AjNU | ||
| 008 | 230605s9999||||xx |||||||||||||| ||und|| | ||
| 017 | _a2006/11/2921 | ||
| 020 | _a9957-01-027-1 | ||
| 040 |
_aJO-AjNU _bara _erda _cJO-AjNU |
||
| 041 | _aara | ||
| 050 | 1 | 4 | _aPJ7862 2006 |
| 100 | 3 |
_aشبر، مي, _eauthor _924705 |
|
| 245 | 0 | 0 | _aمن كل حقل سنبلة |
| 250 | _aط1 | ||
| 264 | 3 | 1 | _aعمان: مكتبة الرائد العلمية، 2006 |
| 300 | _a192ص | ||
| 336 |
_atext _btxt _2rdacontent |
||
| 337 |
_aunmediated _bn _2rdamedia |
||
| 338 |
_avolume _bnc _2rdacarrier |
||
| 650 | 4 |
_aالثقافة الجماهيرية - المعلومات العامة - الادب العربي _924706 |
|
| 999 |
_aA9141 _c12709 _d12709 |
||